| 000 | 00535nam a22001937a 4500 | ||
|---|---|---|---|
| 999 |
_c527735 _d527735 |
||
| 003 | NUST | ||
| 005 | 20190806111401.0 | ||
| 008 | 190806b ||||| |||| 00| 0 eng d | ||
| 038 | _aMR. Noman | ||
| 082 | _a658.4 | ||
| 100 |
_aSiddiqui, Umair Mansoor _919150 |
||
| 245 |
_aNew Product Launch by Telenor Pakistan / _cUmair Mansoor Siddiqui. |
||
| 260 |
_aIslamabad: _bNBS - NUST, _c2015. |
||
| 300 |
_aill.; _c30cm. |
||
| 500 | _aHardcover. | ||
| 650 |
_aEMBA Thesis. _917645 |
||
| 700 |
_aMajid Matloob. _919151 |
||
| 942 |
_2ddc _cTHE |
||